00579pam a2200145 a 4500020000500000041000500005082002800010100002000038245005800058260004700116300001200163930000900175999001900184952023000203 c h a658.84000000000003bKOT aKothari, Monika aExport Promotion Measures In IndiahTextual Documents aNew DelhibDeep And Deep Publicationc2007 aXIX/300 a9481 c116306d116306 00102ddc3Reference Book4070aAKSbAKScAKS-MBA-Ref-Rack-1d2009-09-01eBharati Madhyavarti Sahakari Grahakbhandar Limitedg900.00l1o658.84000000000003 KOTpAKS-M-08879r2025-04-16 00:00:00s2025-04-08t1w2023-03-01yBK